000 00352nam a2200145Ia 4500
005 20251222175928.0
008 251222s9999||||xx |||||||||||||| ||spa||
020 _a8401327954
082 _a853.914/B15
100 _aBagnasco, Orazio
245 0 _aLa Apuesta de Casanova
250 _a1ra.ed.
264 _bPlaza Janés Editores, S.A.
942 _cLIB
999 _c40921
_d40921